Estádios de Futebol de Minas Gerais - Statistics

Estatísticas Gerais
  • Esse quiz foi jogado 39 vezes
  • A pontuação média é 9 de 41
Estatísticas das Respostas
Cidade Estádio % Correto
Belo Horizonte Mineirão
100%
Belo Horizonte Independência
94%
Belo Horizonte Arena MRV
88%
Uberlândia Parque do Sabiá
66%
Ipatinga Ipatingão
59%
Sete Lagoas Arena do Jacaré
50%
Nova Lima Castor Cifuentes
50%
Varginha Melão
41%
Governador Valadares Mamudão
34%
Juiz de Fora Radialista Mário Helênio
34%
Pouso Alegre Manduzão
31%
Betim Arena Vera Cruz
28%
Tombos Almeidão
25%
Divinópolis Arena Sicoob DiviCred
25%
São João del Rei Arena Sicredi
19%
Poços de Caldas Ronaldão
19%
Uberaba Uberabão
19%
Montes Claros Arena Credinor
13%
Três Corações Rei Pelé
13%
Ubá Afonso de Carvalho
9%
Patos de Minas Arena DB - DanBred
9%
Nova Serrana Arena do Calçado
9%
Itabira Israel Pinheiro
9%
Contagem Arena Gregorão
6%
Patos de Minas Bernardão
6%
Santa Luzia Estádio do Frimisa
6%
Coronel Fabriciano Luizão
6%
Teófilo Otoni Nassri Mattar
6%
Araxá Fausto Alvim
3%
Paracatu Frei Norberto
3%
Ouro Branco José Mapa Filho
3%
Ubá Paulo Paschoalino
3%
Patrocínio Pedro Alves do Nascimento
3%
Muriaé Soares de Azevedo
3%
Santa Rita do Sapucaí Coronel Erasmo Cabral
0%
Contagem Flávio Guimarães
0%
Itaúna José Flávio de Carvalho
0%
Patrocínio Júlio Aguiar
0%
Manhuaçu Juscelino Kubitschek
0%
Araguari Vasconcelos Montes
0%
Machado Walter Mattos Reis
0%
Nenhum quiz correspondente encontrado
Distribuição das Pontuações
Porcentagem de Pessoas com Cada Pontuação
Percentil de Números Respondidos
Sua Pontuação Histórica
Você não jogou esse quiz